[Event "Eastern Asia-ch U14"]
[Site "Tornelo INT"]
[Date "2021.10.29"]
[Round "1"]
[White "Mazarei, Mohammad"]
[Black "Beh, Keat Ket"]
[Result "1-0"]
[WhiteElo "1525"]
[BlackElo "1133"]
[PlyCount "133"]
[EventDate "2021.10.29"]
[EventType "swiss"]
[EventRounds "9"]
[EventCountry "NET"]
[SourceTitle "EXT 2023"]
[Source "ChessBase"]
[SourceDate "2022.10.05"]
[SourceVersion "1"]
[SourceVersionDate "2022.10.05"]
[SourceQuality "1"]

1. e4 c5 2. Nf3 d6 3. d4 cxd4 4. Nxd4 Nf6 5. f3 e6 6. c4 Be7 7. Nc3 a6 8. Be3 Nbd7 9. Qd2 Qc7 10. Be2 Ne5 11. Rc1 0-0 12. 0-0 Bd7 13. Rfd1 Rac8 14. b3 d5 15. exd5 exd5 16. Nxd5 Nxd5 17. cxd5 Qd6 18. Nc2 Bf6 19. b4 Rfe8 20. Bc5 Qb8 21. Na3 b5 22. Nb1 Bf5 23. Nc3 Nd7 24. Bd4 Qd6 25. Bf1 Qxb4 26. Bxf6 Nxf6 27. Ne2 Qxd2 28. Rxd2 Rxc1 29. Nxc1 Kf8 30. Nb3 Rd8 31. Nc5 Rd6 32. g4 Bg6 33. h4 h6 34. h5 Bh7 35. Kf2 Ke7 36. a4 bxa4 37. Bc4 a3 38. Re2+ Kf8 39. Ra2 Nxd5 40. Rd2 a2 41. Bxa2 Rb6 42. Bxd5 Rb5 43. Ne4 Ke7 44. Bc4 Ra5 45. Bd3 f5 46. Ng3 Ra3 47. Bxf5 Bxf5 48. Nxf5+ Kf6 49. Re2 a5 50. Kg3 a4 51. Nd4 Rd3 52. Nb5 Rb3 53. Nd4 Rd3 54. Nc2 a3 55. Re1 Rc3 56. Nb4 Rb3 57. Nd5+ Kf7 58. Re7+ Kf8 59. Ra7 Rd3 60. Nb4 Rb3 61. Nc2 Rb2 62. Nxa3 Ra2 63. Nb5 Rb2 64. Nd4 Rb6 65. Nf5 g6 66. hxg6 Rxg6 67. Rh7 1-0

[Event "IRI-ch U14"]
[Site "Chess.com INT"]
[Date "2021.01.16"]
[Round "10"]
[White "Khodadad Pour, Abolfazl"]
[Black "Mazarei, Mohammad"]
[Result "0-1"]
[WhiteElo "1364"]
[BlackElo "1505"]
[PlyCount "64"]
[EventDate "2021.01.16"]
[EventType "swiss"]
[EventRounds "11"]
[EventCountry "IRI"]
[SourceTitle "EXT 2022"]
[Source "ChessBase"]
[SourceDate "2021.10.06"]
[SourceVersion "1"]
[SourceVersionDate "2021.10.06"]
[SourceQuality "1"]

1. e4 c5 2. c3 g6 3. d4 cxd4 4. cxd4 d5 5. e5 Bg7 6. Nf3 Nc6 7. Nc3 e6 8. Be3 Nge7 9. Be2 0-0 10. 0-0 Nf5 11. Bg5 f6 12. exf6 Bxf6 13. Bxf6 Qxf6 14. Rc1 Nfxd4 15. Nxd4 Nxd4 16. Bd3 Bd7 17. Qd2 Bc6 18. Rfd1 e5 19. f3 Rad8 20. b4 e4 21. fxe4 dxe4 22. Rf1 Nf3+ 23. gxf3 Rxd3 24. Qc2 Rxf3 25. Rxf3 exf3 26. b5 f2+ 27. Kf1 Bg2+ 28. Kxg2 f1Q+ 29. Rxf1 Qxf1+ 30. Kg3 Qf3+ 31. Kh4 Rf4+ 32. Kg5 Qg4+ 0-1

[Event "IRI-ch U14"]
[Site "Chess.com INT"]
[Date "2021.01.16"]
[Round "7"]
[White "Mazarei, Mohammad"]
[Black "Ghezelbash, Ali"]
[Result "1/2-1/2"]
[WhiteElo "1505"]
[BlackElo "1128"]
[PlyCount "56"]
[EventDate "2021.01.16"]
[EventType "swiss"]
[EventRounds "11"]
[EventCountry "IRI"]
[SourceTitle "EXT 2022"]
[Source "ChessBase"]
[SourceDate "2021.10.06"]
[SourceVersion "1"]
[SourceVersionDate "2021.10.06"]
[SourceQuality "1"]

1. e4 e5 2. Nc3 Nc6 3. Bc4 Nf6 4. d3 Bb4 5. Nge2 d5 6. exd5 Nxd5 7. 0-0 Nxc3 8. Nxc3 0-0 9. Nd5 Bc5 10. Be3 Bxe3 11. fxe3 Be6 12. e4 Ne7 13. Qf3 c6 14. Nxe7+ Qxe7 15. Bxe6 fxe6 16. Qg3 Qc5+ 17. Kh1 Rxf1+ 18. Rxf1 Rf8 19. Rxf8+ Kxf8 20. c3 Qb5 21. Qf2+ Ke7 22. Qh4+ Kf7 23. Qh5+ Kf8 24. Qf3+ Ke7 25. Qg3 Kf7 26. Qf3+ Kg8 27. Qh3 Kf7 28. Qf3+ Kg8 1/2-1/2

[Event "IRI-ch U14"]
[Site "Chess.com INT"]
[Date "2021.01.16"]
[Round "11"]
[White "Mazarei, Mohammad"]
[Black "Kianiharchegani, Mohammadhossein"]
[Result "0-1"]
[WhiteElo "1505"]
[BlackElo "1858"]
[PlyCount "108"]
[EventDate "2021.01.16"]
[EventType "swiss"]
[EventRounds "11"]
[EventCountry "IRI"]
[SourceTitle "EXT 2022"]
[Source "ChessBase"]
[SourceDate "2021.10.06"]
[SourceVersion "1"]
[SourceVersionDate "2021.10.06"]
[SourceQuality "1"]

1. e4 c5 2. Nf3 d6 3. d4 cxd4 4. Nxd4 Nf6 5. f3 a6 6. c4 e5 7. Nc2 Be6 8. Be3 Nbd7 9. Nc3 Be7 10. Qd2 Rc8 11. b3 0-0 12. Be2 Ne8 13. 0-0 f5 14. Rac1 f4 15. Bf2 Rf6 16. Rfd1 Rh6 17. g3 fxg3 18. Bxg3 Bg5 19. f4 exf4 20. Bxf4 Bxf4 21. Qxf4 Ne5 22. Rf1 Nf6 23. Ne3 Bh3 24. Rf2 Qe8 25. Kh1 Nh5 26. Bxh5 Rxh5 27. Rd1 Rh6 28. Rg1 Ng6 29. Qg5 Rc7 30. Nf5 Bxf5 31. exf5 Kh8 32. fxg6 Rxg6 33. Qf4 Rf6 34. Qg3 Rg6 35. Qf3 Rf6 36. Qe2 Re7 37. Qf1 Ref7 38. Rxf6 Rxf6 39. Qe2 Qf8 40. Nd5 Rf2 41. Qe3 h6 42. Ne7 Qf6 43. Ng6+ Kh7 44. Qd3 Kg8 45. Qd5+ Kh7 46. Qe4 Qf3+ 47. Qxf3 Rxf3 48. Nh4 Rf2 49. Ra1 b5 50. cxb5 axb5 51. a4 bxa4 52. bxa4 d5 53. Ng2 d4 54. Kg1 Rf6 0-1

[Event "IRI-ch U14"]
[Site "Chess.com INT"]
[Date "2021.01.16"]
[Round "5"]
[White "Mazarei, Mohammad"]
[Black "Mokhtari Moghadam, Taha"]
[Result "0-1"]
[WhiteElo "1505"]
[BlackElo "1976"]
[PlyCount "98"]
[EventDate "2021.01.16"]
[EventType "swiss"]
[EventRounds "11"]
[EventCountry "IRI"]
[SourceTitle "EXT 2022"]
[Source "ChessBase"]
[SourceDate "2021.10.06"]
[SourceVersion "1"]
[SourceVersionDate "2021.10.06"]
[SourceQuality "1"]

1. e4 c6 2. d4 d5 3. exd5 cxd5 4. Bd3 Nc6 5. c3 Nf6 6. Nf3 Bg4 7. Bf4 e6 8. Nbd2 Bd6 9. Bg3 0-0 10. 0-0 Rc8 11. Re1 Bxg3 12. hxg3 Re8 13. Qb3 Bxf3 14. Nxf3 Qc7 15. Ne5 Nxe5 16. dxe5 Ng4 17. Qc2 f5 18. exf6 Nxf6 19. f4 e5 20. Qd2 e4 21. Bc2 Rcd8 22. Bb3 Kh8 23. Qd4 b6 24. Rad1 Qf7 25. c4 Qh5 26. cxd5 Ng4 27. d6 e3 28. d7 Re7 29. Bd5 Nf2 30. Kf1 Nxd1 31. Qxd1 Qxd1 32. Rxd1 e2+ 33. Ke1 exd1Q+ 34. Kxd1 Rexd7 35. Kc2 Rxd5 36. Kc3 Rd3+ 37. Kc2 Rxg3 38. a3 Rf8 39. f5 Rxf5 40. a4 Rf2+ 41. Kb1 Rgxg2 42. Ka2 Rxb2+ 43. Ka3 Rbf2 44. a5 b5 45. Kb4 Rf5 46. Kb3 Rf4 47. Kc3 Rg3+ 48. Kb2 Rf2+ 49. Kc1 Rg1# 0-1